LEADER 00965nam0-22003491i-450- 001 990003137670403321 005 20101202105704.0 010 $a0-691-04309-4 035 $a000313767 035 $aFED01000313767 035 $a(Aleph)000313767FED01 035 $a000313767 100 $a20030910d1993----km-y0itay50------ba 101 0 $aita 102 $aIT 200 1 $aMonopsony$eAntitrust Law and Economics$fRoger D.Blair and Jeffrey L. Harrison. 210 $aPrinceton$dN.J.$cPrinceton University Press$d1993. 215 $a179 p.$d23 cm 610 0 $aLegislazione antimonopolistica$aStati Uniti 676 $aF/1.221 676 $aG/3.22 702 1$aBlair,$bRoger D. 702 1$aHarrison,$bJeffrey L. 801 0$aIT$bUNINA$gRICA$2UNIMARC 901 $aBK 912 $a990003137670403321 952 $aG/3.22 BLA$b14676$fSES 952 $aL4.9$b5374$fDECTS 959 $aDECTS 959 $aSES 996 $aMonopsony$9457146 997 $aUNINA LEADER 01291nam a2200289 i 4500 001 991002147529707536 005 20020508191255.0 008 980708s1998 it ||| | ita 020 $a8818160125 035 $ab10966237-39ule_inst 035 $aPARLA156013$9ExL 040 $aDip. di Filol. Class. e di Scienze Filosofiche$bita 100 1 $aDiodorus : Siculus$0204784 245 10$aBiblioteca storica :$blibri 1.-8. :$bmitologia e protostoria dei popoli orientali dei greci e dei romani /$cDiodoro Siculo ; a cura di Giuseppe Cordiano e Marta Zorat 260 $aMilano :$bRusconi,$cc1998 300 $a736 p., [8] p. di tav. ;$c22 cm. 440 2$aI classici di storia : sezione greco-romana ;$v8.1 650 4$aDiodoro Siculo$xBibliotheca historica$xTraduzioni 700 1 $aCordiano, Giuseppe 700 1 $aZorat, Marta 907 $a.b10966237$b21-09-06$c28-06-02 912 $a991002147529707536 945 $aLE007 C D 4569$g1$i2007000048795$lle007$o-$pE0.00$q-$rl$s- $t0$u0$v0$w0$x0$y.i11076276$z28-06-02 945 $aLE007 880.1 Diodorus Siculus COR 01.01$g2$i2007000052716$lle007$o-$pE0.00$q-$rl$s- $t0$u13$v12$w13$x0$y.i11076288$z28-06-02 996 $aBiblioth?k?s historik?s$922084 997 $aUNISALENTO 998 $ale007$b01-01-98$cm$da $e-$fita$git $h0$i2